Регионална библиотека "Любен Каравелов" - Русе

През вселената (Запис номер 159795)

MARC детайли
000 -Лидер
Контролно поле с фиксирана дължина 01370nam a2200361 c 4500
003 - Код на организацията, давaща контролен номер
Контролно поле BLK
005 - Дата и час на последна редакция
Контролно поле 20250712140655.0
008 - Елементи от данни с фиксирана дължина
fixed length control field 180410b bul|||||r ||||||| ||bul||
010 ## - Наследен системен номер
LC control number KNG00166969000
020 ## - Международен стандартен номер на книга ISBN
Международен стандартен номер на книга ISBN 978-619-150-111-3
-- издат.: Колибри
040 ## - Източник на каталожния запис
Идентификатор на билиотеката - собственик на записа BLK
041 ## - Код за език
Код за езика на текст/звукозапис или на отделно заглавие Български
Код за езика КДБФ Български
072 #7 - Код за тематичната категория
Код организация bullib
Код за тематична категория Н8302
Текст Фантастика Н
080 ## - УДК
Текстов определител УДК Американска литература (на САЩ)
УДК код - определител по УДК 821.111(73)
УДК определител -312.9
УДК - код + определител 821.111(73)-312.9
100 1# - Редна дума - Автор
Автор Ревис, Бет
Авторска отговорност първи автор
R(LIN) 115719
139 ## - Редно поле
Редна дума Ревис, Бет
Авторски знак Ре - Р 44
245 10 - Сведения за заглавието
Заглавие През вселената
Подзаглавни данни Роман
Редно поле (дума) Бет Ревис; прев. от англ. Милена Томова.
257 ## - Страна на издаване
Страна на създаване/издаване Съединени американски щати
260 ## - Област на издателските данни
-- София
Име на издателя, разпространителя и проч. Колибри
Година на издаване 2013
Печатница София : Инвестпрес
300 ## - Физическа характеристика
Страници 342 с.
Размери/Мащаб 22 см
380 ## - Жанр
Жанр Худож. лит.
500 ## - Общи забележки
Забележка Ориг. загл. Across the Universe / Beth Revis. - Съдържа и за авт.
653 ## - Ключова дума – ненормативна
Ключова дума фантастика
653 ## - Ключова дума – ненормативна
Ключова дума романи
659 ## - Тематичен бюлетин
Тематичен бюлетин Н
700 1# - Други автори (авторска отговорност)
Лично име Томова, Милена
Автороска отговорност (Описва отношението между автора и произведението) прев. от англ.
9 (RLIN) 363588
852 ## - Местоположение
Форматна сигнатура Цб 271400
856 4# - Електронен адрес и достъп
Електронен формат pdf - файл
Път до файла /url/
856 4# - Електронен адрес и достъп
Електронен формат pdf - файл
Път до файла /url/
942 ## - АРТИКУЛИ
Вид на библиотечния материал Книги
Скрит в OPAC Не
Koha issues (borrowed), all copies 13
944 ## - СЪЗДАВАНЕ И РЕДАКЦИЯ на ЗАПИСА
Създаване/Редакция Създаване
Дата на регистрацията/редакция 07.11.2014
Статус, дата на статуса Геновева Генчева
Служител, извършил регистрацията/редакцията 30560
944 ## - СЪЗДАВАНЕ И РЕДАКЦИЯ на ЗАПИСА
Създаване/Редакция Редакция
Дата на регистрацията/редакция 26.06.2017
Статус, дата на статуса ф /
Служител, извършил регистрацията/редакцията Людмила_Стоянова
999 ## - СИСТЕМНИ КОНТРОЛНИ НОМЕРА
Koha biblionumber 159795
Koha biblioitemnumber 159795
Наличности
Код за отписване Код за изгубен артикул Код за повреда Коз за рестрикции Код за отдаване Артикулен № Име на библиотеката - собственик Име на библиотеката, в която се намира в момента Статус (Текущо местоположение) Дата на вписване в системата Местоположение - отдел Цена в лева Инвентарен номер Систематично азбучна сигнатура Баркод Номер на екземпляра Цена в евро Служебна бележка Служебен тип на артикула
  Не е изгубен Не е повреден без рестрикции ползва се в читалня 267044 Регионална библиотека "Любен Каравелов" Русе Регионална библиотека "Любен Каравелов" Русе Хранилище 2014-11-11 Хранилище 16.00 120000782104 Цб 271400 120000782104 1 8.18 Дост: Dp Вид: Д N: 7 Дата: 05.02.2014 Книги
  Не е изгубен Не е повреден без рестрикции заемане за дома 267045 Регионална библиотека "Любен Каравелов" Русе Регионална библиотека "Любен Каравелов" Русе Заемна - подръчен фонд 2016-03-17 Заемна - подръчен фонд 5.00 120000798971 П 820(73)-31/Р 44 120000798971 2 2.56 Дост: Pk Вид: Ф N: 625 Дата: 12.03.2016 Книги
  Не е изгубен Не е повреден без рестрикции заемане за дома 267046 Регионална библиотека "Любен Каравелов" Русе Регионална библиотека "Любен Каравелов" Русе Заемна - подръчен фонд 2017-03-27 Заемна - подръчен фонд 5.00 120000809469 П 820(73)-31/Р 44 120000809469 3 2.56 Дост: Pk Вид: Ф N: 809 Дата: 24.03.2017 Дата инв: 14.02.2018 Бележки инв: П2018 Книги
  Не е изгубен Не е повреден без рестрикции заемане за дома 267047 Регионална библиотека "Любен Каравелов" Русе Регионална библиотека "Любен Каравелов" Русе Заемна - подръчен фонд 2017-05-26 Заемна - подръчен фонд 2.50 120000811408 П 820(73)-31/Р 44 120000811408 4 1.28 Дост: Pk Вид: Ф N: 490 Дата: 26.05.2017 Дата инв: 12.03.2018 Бележки инв: П2018 Книги
Vip Innovations Ltd, Rousse, Bulgaria 2025